| 000 | 00000nam##2200000za#4500 |
| 001 | 9.641280 |
| 003 | CaOODSP |
| 005 | 20250910142445 |
| 007 | cr ||||||||||| |
| 008 | 150407|2007||||xxc|||||o f|0| 0 fre|d |
| 040 | |aCaOODSP|bfre |
| 043 | |an-cn--- |
| 086 | 1 |aD2-313/6-2007F-PDF |
| 110 | 1 |aCanada. |bMinistère de la défense nationale. |
| 245 | 13|aLe leadership dans les Forces canadiennes : |h[ressource électronique]|bdiriger l'institution - résumés / |cPublié sous les auspices du Chef d'état-major de la Défense par l'Académie canadienne de la Défense et l'Institut de leadership des Forces canadiennes. |
| 260 | |aOttawa - Ontario : |bDéfense nationale |cc2007. |
| 300 | |a20p. |
| 590 | |a13-03-Supp|b2013-02-11 |
| 691 | 07|aArmée|2gcpds |
| 691 | 07|aLeadership|2gcpds |
| 775 | 08|tLeadership in the Canadian Forces : |w(CaOODSP)9.697213 |
| 856 | 40|ahttp://publications.gc.ca|qPDF|s167 Ko|uhttps://publications.gc.ca/collections/collection_2013/dn-nd/D2-313-6-2007-fra.pdf |
| 986 | |aN° de IDDN : A-PA-005-000/AP-008 |